000 00388nam a2200157Ia 4500
008 160316s2012 xxu||||| |||| 00| 0 eng d
082 _a344.046000
_bLAL
100 _aLal D S
245 _aClimatology
250 _a
260 _aAllahabad
_bSharda Pustak Bhawan
_c2012
300 _a448p
_b
_c
365 _bRs. 750
650 _a1. Climate Change 2. Environmental Law
700 _a
_a
999 _c33224
_d33224